Long-distance flyovers #4 - Statistics

General Stats
  • This quiz has been taken 27 times
  • The average score is 13 of 21
Answer Stats
Country % Correct
Portugal
100%
France
95%
Spain
95%
Liechtenstein
86%
Switzerland
86%
Austria
81%
Germany
71%
China
62%
Austria
52%
Austria
52%
Czech Republic
52%
Germany
52%
Poland
52%
Czech Republic
48%
Mongolia
48%
Poland
48%
Russia
48%
Ukraine
48%
Kazakhstan
43%
Belarus
38%
China
38%
No matching quizzes found
Score Distribution
Percent of People with Each Score
Percentile by Number Answered
Your Score History
You have not taken this quiz